| 000 | 00476nam a2200157 i 4500 | ||
|---|---|---|---|
| 001 | 84741 | ||
| 003 | ES-MaACL | ||
| 005 | 20230906175105.0 | ||
| 007 | t| | ||
| 008 | 041123s1969 sp ||||1| spa d | ||
| 100 | 1 |
_aGiménez Medina, Juan José. _957056 |
|
| 245 | 1 | 4 |
_aUna acción católica para nuestro tiempo / _cJuan José Giménez Medina. |
| 260 |
_a[Madrid : _bAcción Católica Española, _c1969] |
||
| 300 |
_a125 p. ; _c18 cm. |
||
| 852 |
_aES-MaACL _jC-51796 _bR.68796 |
||
| 999 |
_c84741 _d84741 |
||